লোডিং...

Compact multifunctional antennas for wireless systems

গ্রন্থ-পঞ্জীর বিবরন
প্রধান লেখক: Lim, Eng Hock
অন্যান্য লেখক: Leung,K W
বিন্যাস: Printed Book
ভাষা:English
প্রকাশিত: New Jersey John wiley 2012
বিষয়গুলি:
LEADER 00631nam a22001817a 4500
005 20151026133254.0
008 131115b xxu||||| |||| 00| 0 eng d
020 |a 9780470407325 
080 |a 621.396.67  |b LIM 
100 |a Lim, Eng Hock 
245 |a Compact multifunctional antennas for wireless systems  |c Eng Hock Lim and Kwok wa leung 
260 |a New Jersey  |b John wiley  |c 2012 
300 |a 230 p. 
653 |a Antennas  |a Wireless communication systems 
700 |a Leung,K W 
942 |c BK  |6 _ 
999 |c 66902  |d 66902 
952 |0 0  |1 0  |2 udc  |4 0  |6 62139667_LIM  |7 0  |9 79175  |a UL  |b UL  |d 2013-11-15  |o 621.396.67 LIM  |p 00069589  |r 2013-11-15  |w 2013-11-15  |y BK